000 00937nam a22003017a 4500
003 CHAP
005 20220817042736.0
008 971013s1986 r 00010 d
010 _a54143
011 _a55115
035 _a59267
040 _cCHAP
090 _aFolleto 10158y
100 0 0 _aPrescott, J. M.
_991517
245 1 _aWheat diseases and pests
_b: a guide for field identification
260 _aMéxico :
_bCIMMYT,
_c1986
300 _a135 p.
_b: ilus.
590 _aBATCH-UPD
_b10
_c20130110
_lUCH01
_h1833
590 _aBATCH-UPD
_b10
_c20130410
_lUCH01
_h1205
590 _aBATCH-UPD
_b10
_c20130914
_lUCH01
_h1732
590 _aCONVERSION
_b10
_c20130109
_lUCH01
_h1329
650 1 4 _aTrigo
_xEnfermedades.
_9115017
650 1 4 _aTrigo
_xPlagas.
_9115076
710 0 _aCentro Internacional de Mejoramiento de Maíz y Trigo.
901 _aBK
942 _cFOLL
949 _aFolleto 10158y
_bBC
_cFOLL
_d-128181
_eTS1
_i59267
_mD
_si
999 _c54143
_d54143